<?xml version="1.0" encoding="UTF-8"?>
<record
    xmlns:xsi="http://www.w3.org/2001/XMLSchema-instance"
    xsi:schemaLocation="http://www.loc.gov/MARC21/slim http://www.loc.gov/standards/marcxml/schema/MARC21slim.xsd"
    xmlns="http://www.loc.gov/MARC21/slim">

  <leader>02496    a2200193   4500</leader>
  <controlfield tag="001">54947</controlfield>
  <controlfield tag="005">20260407155824.0</controlfield>
  <controlfield tag="008">260407a1968    arg                 spa d</controlfield>
  <controlfield tag="003">AR-UNSa-BCEJYS</controlfield>
  <datafield tag="040" ind1=" " ind2=" ">
    <subfield code="a">AR-UNSa-BCEJYS</subfield>
    <subfield code="b">spa</subfield>
    <subfield code="c">AR-UNSa-BCEJYS</subfield>
  </datafield>
  <datafield tag="080" ind1=" " ind2=" ">
    <subfield code="a">316.7</subfield>
    <subfield code="x">Sociolog&#xED;a de la cultura. contexto cultural de la vida social (posmodernidad)</subfield>
  </datafield>
  <datafield tag="245" ind1="1" ind2="0">
    <subfield code="a">Tratado de sociolog&#xED;a</subfield>
  </datafield>
  <datafield tag="264" ind1=" " ind2="1">
    <subfield code="a">Madrid :</subfield>
    <subfield code="b">Aguilar</subfield>
    <subfield code="c">1968</subfield>
  </datafield>
  <datafield tag="300" ind1=" " ind2=" ">
    <subfield code="a">564 p.</subfield>
    <subfield code="c">21 cm.</subfield>
  </datafield>
  <datafield tag="505" ind1=" " ind2=" ">
    <subfield code="a">Introducci&#xF3;n: El nacimiento de la Sociolog&#xED;a y su desarrollo en ramas nacionales - I. Los comienzos de la Sociolog&#xED;a como disciplina sustantiva.Su conexi&#xF3;n con los cuadros de la vida nacional en el Occidente - II. Estudio de la fundaci&#xF3;n de la disciplina sociol&#xF3;gica: Precursores y fundadores - III. Panorama del desenvolvimiento de la Sociolog&#xED;a en ramas nacionales - Parte I: Investigaciones y discusiones de principio acerca de la materia de la Sociolog&#xED;a y de su adecuado tratamiento - I. La Sociolog&#xED;a: Su construcci&#xF3;n como disciplina cient&#xED;fica en el ambiente hist&#xF3;rico-cultural de la crisis - II. Lo social tal como se nos revela en la experiencia pr&#xE1;ctica a partir del sujeto individual - III. Los objetos sociol&#xF3;gicos seg&#xFA;n el modo como se ofrecen al conocimiento: La conexi&#xF3;n de pr&#xE1;ctica y teor&#xED;a - IV. Lo social captado en la experiencia de su cambio,con un ejemplo - V. La formaci&#xF3;n de los conceptos sociol&#xF3;gicos,seg&#xFA;n exige la realidad esencial del objeto - Parte II: Organizaci&#xF3;n de los materiales de la vida humana dados en nuestra experiencia hist&#xF3;rico-social,seg&#xFA;n los principios sociol&#xF3;gicos establecidos - I. La estructura de la vida humana y su articulaci&#xF3;n hist&#xF3;rico-social en generaciones - II. El proceso hist&#xF3;rico en la l&#xED;nea del proceso t&#xE9;cnico: T&#xE9;cnica material y t&#xE9;cnica pol&#xED;tica - III. Las categor&#xED;as fundamentales de la sociolog&#xED;a pol&#xED;tica desde el presente hist&#xF3;rico - IV. La cultura,contemplada desde el &#xE1;ngulo de la Sociolog&#xED;a: Los objetos sociol&#xF3;gicos como formas culturales y como engarce de todas las dem&#xE1;s realidades del mundo hist&#xF3;rico - V. Las sistematizaciones de la cultura en su constituci&#xF3;n y desarrollo,estudiadas sobre el ejemplo del arte - VI. El derecho como vinculaci&#xF3;n sistem&#xE1;tica entre la t&#xE9;cnica de dominaci&#xF3;n y el orden de la cultura en la realidad del proceso hist&#xF3;rico - VII. La cultura,concretada en el sujeto viviente de la historia</subfield>
  </datafield>
  <datafield tag="942" ind1=" " ind2=" ">
    <subfield code="c">BK</subfield>
  </datafield>
  <datafield tag="590" ind1=" " ind2=" ">
    <subfield code="a">niveau_biblio:m niveau_hierar:0</subfield>
  </datafield>
  <datafield tag="100" ind1="1" ind2=" ">
    <subfield code="a">Ayala, Francisco</subfield>
  </datafield>
  <datafield tag="999" ind1=" " ind2=" ">
    <subfield code="c">5834</subfield>
    <subfield code="d">5834</subfield>
  </datafield>
  <datafield tag="952" ind1=" " ind2=" ">
    <subfield code="0">0</subfield>
    <subfield code="1">0</subfield>
    <subfield code="4">0</subfield>
    <subfield code="7">0</subfield>
    <subfield code="a">BCEJYS</subfield>
    <subfield code="b">BCEJYS</subfield>
    <subfield code="c">16</subfield>
    <subfield code="d">2026-04-07</subfield>
    <subfield code="l">0</subfield>
    <subfield code="o">316.7 A973</subfield>
    <subfield code="p">L53357</subfield>
    <subfield code="r">2026-04-07 15:58:24</subfield>
    <subfield code="w">2026-04-07</subfield>
    <subfield code="y">L</subfield>
  </datafield>
</record>
